Kompleksen analiz, proučvanija i planirane v promišlenostta - priloženie na mikrokompjutarna technika Metodičesko rakovodstvo za rabota s mikrokompjutarna obučavašta sistema po Planirane proizvodstveno-stopanskata dejnost na promišlenite predprijatija

Uložené v:
Podrobná bibliografia
Médium: Kniha
Jazyk:Bulgarian
Vydavateľské údaje: Varna Visš institut za narodno stopanstvo "Dimitar Blagoev" 1988
Vydanie:1. izd.
Tagy: Pridať tag
Žiadne tagy, Buďte prvý, kto otaguje tento záznam!

MARC

LEADER 00000nam a2200000 4500
001 c033226
005 20250618083854.4
041 0 |a bul 
044 |a BG 
245 1 0 |a Kompleksen analiz, proučvanija i planirane v promišlenostta - priloženie na mikrokompjutarna technika  |b Metodičesko rakovodstvo za rabota s mikrokompjutarna obučavašta sistema po Planirane proizvodstveno-stopanskata dejnost na promišlenite predprijatija 
250 |a 1. izd. 
264 1 |a Varna  |b Visš institut za narodno stopanstvo "Dimitar Blagoev"  |c 1988 
300 |a 106 s.